Responses for show #2129 - Thursday, December 2, 1993

1993 10th Anniversary Tournament final game 1.

Contestants

[<< previous game]

Leslie Frates, a Spanish teacher from Hayward, California

Tom Nosek, an engineer from Torrance, California

Frank Spangenberg, a transit cop from Douglaston, New York

[next game >>]

Jeopardy! Round responses

METALS
RECENT FILMS
WINES & SPIRITS
THE WILD WEST
POLITICIANS
"OLD" NEWS
    $100 11
Mercury

Leslie
    $100 26
"The Firm"

Frank
    $100 6
Gin

Leslie
    $100 1
Bat Masterson

Frank
    $100 21
Bill Clinton

Leslie
    $100 16
Old Faithful

Leslie
    $200 12
molybdenum

Tom
    $200 27
"The Fugitive"

Frank
    $200 7
Sherry

Leslie
    $200 2
Jesse James

Tom
    $200 22
Lloyd Bentsen

Frank
    $200 17
Old Wives Tale

Frank
    $300 13
Copper

Frank
    $300 28
(L: What is "The Unforgiven?")

"In the Line of Fire"

Leslie
Triple Stumper
    $300 8
Rum

Frank
    $300 3
Roy Bean

Tom
    $300 23
Ronald Reagan

Frank
    $300 18
"Old Man River"

Leslie
    $400 14
Potassium

Leslie
    $400 29
Rosie O'Donnell

Triple Stumper
    $400 9
Vodka

Frank
    $400 4
(L: Who was Belle Starr?)

Calamity Jane

FrankLeslie
    $400 24
(L: Who was Pat Robertson?)
(T: Who was William F. Buckley?)

Pat Buchanan

TomLeslie
Triple Stumper
    $400 19
"Old Farmer's Almanac"

Frank
    $500 15
Plutonium

Tom
    $500 30
Orlando

Frank
    $500 10
California

Leslie
    $500 5
(L: Who was Zane Grey?)

Ned Buntline

Leslie
Triple Stumper
    $500 25
Charles (Chuck) Robb

Frank
    $500 20
Old Norse

Frank

Scores at the first commercial break (after clue 15):

Frank Tom Leslie
$1,500 $1,200 $400

Scores at the end of the Jeopardy! Round:

Frank Tom Leslie
$4,400 $800 $200

Double Jeopardy! Round responses

U.S. AREAS
AVIATION
BALLET
COLLEGES & UNIVERSITIES
LITERARY POTPOURRI
ANCIENT ATHENIANS
    $200 1
Puerto Rico

Leslie
    $200 10
Charles Lindbergh

Tom
    $200 21
"The Sleeping Beauty"

Leslie
    $200 23
Notre Dame

Leslie
    $200 16
San Francisco

Frank
    $200 11
Marathon

Leslie
    $400 2
Samoa

Frank
    $400 9
Goodyear

Tom
    $400 22
(L: What is 5th Avenue?)

"10th Avenue"

TomLeslie
    $400 25
Arizona State

Leslie
    $400 17
"Vanity Fair"

Leslie
    $400 12
The Academy

Leslie
    $600 3
St. Thomas, St. Croix, & St. John

Leslie
    $600 7
The Red Baron (Von Richthoffen)

Leslie
    $600 24
"Romeo & Juliet"

Tom
    $600 28
MIT

Leslie
    $600 18
Willa Cather

Leslie
    $600 13
The Peloponnesian War

Frank
    $800 4
Guam

Tom
    $800 6
B-2

Tom
    $800 26
"Anastasia"

Leslie
    $800 29
Minnesota

Leslie
    $800 19
Edgar Lee Masters

Tom
    $3,000 14
Solon

Frank
    $1000 8
Washington, DC

Tom
    $1000 5
Jacqueline Cochran

Tom
    $1000 27
Petrushka

Leslie
    $1,000 30
(L: What is Nashville?)

Dayton

Leslie
    $1000 20
"A Tree Grows in Brooklyn"

Leslie
    $1000 15
(Frank: Who was Epicurus?)

Socrates

Frank
Triple Stumper

Scores at the end of the Double Jeopardy! Round:

Frank Tom Leslie
$7,600 $6,800 $6,800

Final Jeopardy! Round responses

WORLD CAPITALS
(Alex: So obviously, Tom Nosek is the man to beat. Tomorrow, that will be the final of our 10th Anniversary special competition, so you've just got to tune in and see if he goes all the way, or if Leslie or Frank upset him. We'll see you then on Jeopardy! So long, everyone!)
TomWhat is Tehran?
$6,800
LeslieWhat is Tyre?
$6,700
FrankWhat is T...?
$7,000
Tehran, Iran

Final scores:

Frank Tom Leslie
$600 $13,600 $100

Game dynamics:

Coryat scores:

Frank Tom Leslie
$5,400 $6,800 $7,800
18 R
(including 2 DDs),
1 W
13 R,
1 W
23 R,
6 W
(including 1 DD)

Combined Coryat: $20,000

The J! Archive is created by fans, for fans. Scraping, republication, monetization, and malicious use prohibited; this site may use cookies and collect identifying information. See terms. The Jeopardy! game show and all elements thereof, including but not limited to copyright and trademark thereto, are the property of Jeopardy Productions, Inc. and are protected under law. This website is not affiliated with, sponsored by, or operated by Jeopardy Productions, Inc. Join the discussion at JBoard.tv.